[Event "Moscow Open A 2015"]
[Site "Moscow RUS"]
[Date "2015.02.02"]
[Round "3.86"]
[White "Shapkin, Anatoliy"]
[Black "Faizrakhmanov, Ramil"]
[Result "1/2-1/2"]
[BlackTitle "FM"]
[WhiteElo "2236"]
[BlackElo "2371"]
[WhiteFideId "34108332"]
[BlackFideId "24103209"]
[EventDate "2015.01.31"]

1. d4 Nf6 2. c4 e6 3. g3 c5 4. d5 exd5 5. cxd5 d6 6. Nc3 g6 7. Bg2 Bg7 8. Nf3
O-O 9. O-O Re8 10. Nd2 Nbd7 11. h3 b6 12. a4 a6 13. Nc4 Ne5 14. Na3 h6 15. f4
Ned7 16. Nc4 Bf8 17. e4 Rb8 18. Re1 Qc7 19. e5 b5 20. axb5 axb5 21. Na5 b4 22.
exf6 Rxe1+ 23. Qxe1 bxc3 24. Qxc3 Ra8 25. b3 Nxf6 26. Nc6 Rxa1 27. Qxa1 Nd7 28.
Bb2 Qb6 29. Na5 Ba6 30. Kh2 Qb5 31. Qe1 Qd3 32. b4 Qc2 33. Qc3 Qxc3 34. Bxc3 c4
35. Kg1 Bg7 36. Bxg7 Kxg7 37. Kf2 Nb6 38. Ke3 c3 39. Kd4 c2 40. Nb3 Bc4 41. Nc1
f5 42. h4 Kf6 43. Bf3 h5 44. Be2 Bxe2 45. Nxe2 Ke7 46. b5 Kd7 47. Kd3 Nxd5 48.
Kxc2 Nf6 49. Kc3 Ne4+ 50. Kd4 Kc7 51. Kd5 Kb6 52. Nd4 Nxg3 53. Kxd6 Ne4+ 54. Ke5
Kc5 55. Ne6+ Kxb5 56. Nf8 Kc5 57. Nxg6 Nd2 58. Kxf5 Nf3 59. Ke6 Nd4+ 60. Kf6 Kd5
61. Kg5 Ke4 62. Kxh5 Kf5 63. Kh6 Ne2 64. Kg7 Ng3 65. Kh7 Nh5 66. Kh6 Ng3 67. Kg7
Nh5+ 68. Kf7 Ng3 69. Kg7 Nh5+ 1/2-1/2

[Event "Moscow Open A 2015"]
[Site "Moscow RUS"]
[Date "2015.02.02"]
[Round "3.87"]
[White "Tleptsok, Ruslan"]
[Black "Rozhko, Dmitry"]
[Result "0-1"]
[BlackTitle "FM"]
[WhiteElo "2226"]
[BlackElo "2354"]
[WhiteFideId "24104485"]
[BlackFideId "4150430"]
[EventDate "2015.01.31"]

1. e4 c6 2. d4 d5 3. e5 c5 4. c3 Nc6 5. Nf3 Bg4 6. dxc5 e6 7. b4 Bxf3 8. Qxf3
Nxe5 9. Bb5+ Nc6 10. O-O Be7 11. Nd2 Bf6 12. Rd1 Qc7 13. Nb3 Ne7 14. Bf4 e5 15.
Bg3 O-O 16. Rab1 Rad8 17. Ba4 Qc8 18. Bxc6 bxc6 19. a4 e4 20. Qe3 Nf5 21. Qe1
Rfe8 22. Nd4 Bxd4 23. cxd4 Qa6 24. Bc7 Rd7 25. b5 Qc8 26. Bf4 Rb7 27. Qa5 f6 28.
Qa6 g5 29. Bd6 cxb5 30. axb5 Rd7 31. Qxc8 Rxc8 32. Bg3 Rb7 33. Rb4 h5 34. h3 e3
35. Kf1 Re8 36. Ke2 Rbe7 37. Bd6 Re6 38. f3 Nxd6 39. cxd6 Rxd6 40. Rc1 Re7 41.
Rb3 Kf7 42. Rxe3 a6 43. Rxe7+ Kxe7 44. Rc7+ Ke6 45. Rb7 axb5 46. Rxb5 Ra6 47.
Rb2 h4 48. Kf2 Ra4 49. Ke3 Kf5 50. Rb5 Ra3+ 51. Ke2 Ra2+ 52. Ke3 Rxg2 53. Rxd5+
Ke6 54. Ra5 Rh2 55. Ra6+ Kf5 56. Ra5+ Kg6 57. d5 Rxh3 58. d6 Rh1 59. Rd5 Re1+
60. Kd4 Kf7 61. Kc5 Rc1+ 62. Kb6 Ke8 63. f4 h3 0-1

[Event "Moscow Open A 2015"]
[Site "Moscow RUS"]
[Date "2015.02.02"]
[Round "3.88"]
[White "Shtembuliak, Evgeny"]
[Black "Klukin, Kirill"]
[Result "1-0"]
[WhiteTitle "FM"]
[WhiteElo "2352"]
[BlackElo "2225"]
[WhiteFideId "14113325"]
[BlackFideId "24199273"]
[EventDate "2015.01.31"]

1. e4 c5 2. Nc3 Nc6 3. Bb5 g6 4. Bxc6 dxc6 5. d3 Bg7 6. Nge2 Nf6 7. O-O O-O 8.
Be3 b6 9. h3 e5 10. Qd2 Nh5 11. Bh6 Be6 12. Bxg7 Nxg7 13. Qe3 Qd7 14. a4 a5 15.
b3 Rae8 16. Rae1 f6 17. f4 Bf7 18. fxe5 fxe5 19. Nb1 Ne6 20. Nd2 Nd4 21. Nxd4
cxd4 22. Qg5 Qe7 23. Rf6 Kg7 24. Rf5 Qxg5 25. Rxg5 h6 26. Rg3 Bg8 27. Rf3 Rxf3
28. Nxf3 Re7 29. Rf1 Bf7 30. g4 Re6 31. h4 Kg8 32. g5 h5 33. Nd2 Kf8 34. Nc4 c5
35. Rf3 Ke8 36. Kf2 Kf8 37. Ke1 Ke8 38. Kd2 Bg8 39. c3 dxc3+ 40. Kxc3 Bf7 41.
Ne3 Rd6 42. Nd5 Bxd5 43. exd5 Rxd5 44. Rf6 Rd4 45. Rxg6 Rxh4 46. Rxb6 Rg4 47.
Rb5 h4 48. Rxa5 Rxg5 49. Rxc5 Kd7 50. Kb4 h3 51. Rc2 Rg2 52. Rc1 h2 53. Rh1 Kc6
54. Ka5 Kb7 55. b4 Ka7 56. Kb5 Kb7 57. Kc5 Ra2 58. Kb5 Rg2 59. a5 Rc2 60. Rf1
Rc7 61. a6+ Kb8 62. Kb6 Rc8 63. b5 Rh8 64. Rh1 Rh6+ 65. Kc5 Ka7 66. Kd5 Rh5 67.
Ke6 Kb6 68. Kd5 Ka7 69. Kc6 Rh6+ 70. Kc7 Rh7+ 71. Kd6 Rh5 72. Ke6 Kb6 73. Kf6
Ka7 74. Kg6 Rh3 75. Kf5 Kb6 76. Kxe5 Rxd3 77. Rxh2 Kxb5 78. Ra2 Rd8 79. a7 Ra8
80. Kd6 Kb6 81. Rb2+ Ka6 82. Kc7 1-0

[Event "Moscow Open A 2015"]
[Site "Moscow RUS"]
[Date "2015.02.02"]
[Round "3.89"]
[White "Bulavin, Alexander"]
[Black "Torosyan, Norayr"]
[Result "0-1"]
[WhiteElo "2221"]
[BlackElo "2349"]
[WhiteFideId "4178033"]
[BlackFideId "13300431"]
[EventDate "2015.01.31"]

1. e4 c5 2. Nf3 d6 3. Bb5+ Nd7 4. O-O a6 5. Bxd7+ Bxd7 6. c4 b5 7. b3 e5 8. Nc3
Ne7 9. d3 b4 10. Nd5 Nxd5 11. cxd5 f5 12. a3 bxa3 13. Rxa3 Be7 14. Nd2 f4 15.
Nc4 O-O 16. f3 Rf6 17. Bd2 Rh6 18. g4 Bb5 19. Ba5 Qf8 20. Kg2 Qf6 21. Be1 Rf8
22. Ra2 Rb8 23. Na3 Bd7 24. Nc4 Be8 25. h3 Rg6 26. Rh1 h5 27. Kf1 Rh6 28. Rhh2
Kf7 29. Kg1 g5 30. Qc2 Bb5 31. Na5 Qh8 32. Nc6 hxg4 33. fxg4 Rf8 34. h4 gxh4 35.
b4 Rg8 36. Nxe7 Rxg4+ 37. Kh1 Kxe7 38. bxc5 Rhg6 39. cxd6+ Kf6 40. Bf2 h3 41.
Qc7 Rg7 42. d7 Rxd7 43. Qb6+ Kg7 44. Rxa6 Qh5 45. Ra1 Rg6 0-1

[Event "Moscow Open A 2015"]
[Site "Moscow RUS"]
[Date "2015.02.02"]
[Round "3.90"]
[White "Urazayev, Arystanbek"]
[Black "Tenikashvili, Georgij"]
[Result "1/2-1/2"]
[BlackTitle "FM"]
[WhiteElo "2205"]
[BlackElo "2348"]
[WhiteFideId "13709810"]
[BlackFideId "4134605"]
[EventDate "2015.01.31"]

1. e4 c6 2. Nf3 d5 3. Nc3 Bg4 4. h3 Bh5 5. exd5 cxd5 6. Bb5+ Nc6 7. g4 Bg6 8.
Ne5 Rc8 9. d4 e6 10. h4 f6 11. Nxg6 hxg6 12. Qd3 Kf7 13. Bxc6 Rxc6 14. h5 gxh5
15. Rxh5 Rxh5 16. gxh5 Ne7 17. Ne2 Nf5 18. Ng3 Nxg3 19. Qxg3 Kg8 20. c3 e5 21.
dxe5 Qe8 22. Qf3 Qxe5+ 23. Kf1 d4 24. cxd4 Qxd4 25. Kg2 Kh8 26. Be3 Qxb2 27. Rd1
Rd6 28. Rc1 Rd8 29. Rc7 Qxa2 30. h6 Qb1 31. hxg7+ Bxg7 32. Rxb7 Qg6+ 33. Kf1 a6
34. Ra7 Qb1+ 35. Kg2 Qg6+ 36. Kf1 Qb1+ 37. Kg2 Qg6+ 38. Kf1 Qb1+ 1/2-1/2

[Event "Moscow Open A 2015"]
[Site "Moscow RUS"]
[Date "2015.02.02"]
[Round "3.91"]
[White "Atabayev, Saparmyrat"]
[Black "Gurvich, Vitaly"]
[Result "1-0"]
[WhiteTitle "FM"]
[WhiteElo "2332"]
[BlackElo "2216"]
[WhiteFideId "14000571"]
[BlackFideId "24164852"]
[EventDate "2015.01.31"]

1. e4 c5 2. Nf3 d6 3. d4 cxd4 4. Nxd4 Nf6 5. Nc3 a6 6. g3 e6 7. Bg2 Qc7 8. Be3
Be7 9. Qe2 O-O 10. O-O-O Nc6 11. f4 Bd7 12. g4 Nxd4 13. Rxd4 e5 14. Rd2 Bxg4 15.
Bf3 Be6 16. f5 Bc4 17. Qg2 Kh8 18. Rg1 Rg8 19. Kb1 b5 20. Nd1 b4 21. Bg5 a5 22.
Be2 a4 23. Ne3 Bxe2 24. Rxe2 a3 25. b3 Rac8 26. Nc4 Qb7 27. Re3 d5 28. Bxf6 Bxf6
29. Nd6 Qa7 30. Rh3 h6 31. Nxc8 Rxc8 32. Rd1 dxe4 33. Qxe4 Qc5 34. Rf3 Rc6 35.
c3 bxc3 36. Kc2 Rc7 37. h3 Kh7 38. Re3 Kh8 39. Rdd3 Qb5 40. Rf3 Qc5 41. Rxc3 Qb6
42. b4 Rxc3+ 43. Kxc3 Qc7+ 44. Kb3 Qc1 45. Ka4 Qd1+ 46. Kxa3 Bg5 47. Kb2 Bc1+
48. Kc3 Qd2+ 49. Kc4 Qxa2+ 50. Kb5 Bg5 51. Qxe5 Qa8 52. Rd3 Qb7+ 53. Kc4 Bf6 54.
Qe8+ Kh7 55. Qd7 Qe4+ 56. Kb5 Qe5+ 57. Ka6 Qa1+ 58. Kb7 Qh1+ 59. Qd5 Qf1 60. b5
Qe2 61. b6 Qe7+ 62. Ka6 Qe8 63. b7 Be5 64. Qd7 Qf8 65. Qb5 Bb8 66. f6 gxf6 67.
Rc3 Qd6+ 68. Qc6 Qb4 69. Rd3 Be5 70. Qb5 Qf8 71. Rb3 Bb8 72. Qd3+ Kg7 73. Rb2
Qe7 74. Rg2+ Kf8 75. Re2 Qc7 76. Qd5 Qg3 77. Ra2 h5 78. Ra5 h4 79. Qc5+ Ke8 80.
Ra3 Qc7 81. Re3+ Kd8 82. Qf8+ 1-0

[Event "Moscow Open A 2015"]
[Site "Moscow RUS"]
[Date "2015.02.02"]
[Round "3.92"]
[White "Sargsyan, Shant"]
[Black "Gerasimov, Ivan"]
[Result "1/2-1/2"]
[WhiteTitle "CM"]
[BlackTitle "FM"]
[WhiteElo "2172"]
[BlackElo "2327"]
[WhiteFideId "13306766"]
[BlackFideId "4196562"]
[EventDate "2015.01.31"]

1. d4 Nf6 2. c4 e6 3. Nc3 Bb4 4. Qc2 c5 5. dxc5 O-O 6. a3 Bxc5 7. Nf3 Nc6 8. g3
b6 9. Bg2 Bb7 10. O-O Rc8 11. Bf4 Nh5 12. Bd2 f5 13. b4 Be7 14. Rad1 Qe8 15. Bc1
Ba8 16. Qb3 Nf6 17. Bg5 h6 18. Bxf6 Bxf6 19. Nb5 Qe7 20. Nd6 Rcd8 21. Qe3 g5 22.
c5 bxc5 23. Qxc5 g4 24. Ne1 Qg7 25. Nd3 Bd4 26. Qc1 Qe7 27. Qf4 Bg7 28. Nc5 Kh7
29. b5 Be5 30. Qd2 Nd4 31. Ndb7 Bxb7 32. Nxb7 Rb8 33. Qe3 Qg7 34. a4 Rfc8 35.
Rc1 Kh8 36. Nc5 f4 37. Qe4 d5 38. Qd3 Bd6 39. Na6 Ra8 40. Rcd1 Rc4 41. e3 Nf3+
42. Bxf3 gxf3 43. exf4 Rxf4 44. Rfe1 Rf6 45. Qd4 Rc8 46. Rc1 Rff8 47. Qxg7+ Kxg7
48. Rb1 e5 49. a5 e4 50. b6 axb6 51. axb6 Rc6 52. Red1 Ra8 53. Nb4 Rxb6 54. Nxd5
Rxb1 55. Rxb1 Ra3 56. Re1 Rd3 57. Ne3 Bc5 58. Nf1 Rd4 59. g4 Kf6 60. h4 Ke5 61.
g5 hxg5 62. hxg5 Kf4 63. Ng3 Ra4 64. g6 e3 65. Rc1 exf2+ 66. Kf1 Kxg3 67. g7 Ra8
68. g8=Q+ Rxg8 69. Rxc5 Re8 70. Re5 Rxe5 1/2-1/2

[Event "Moscow Open A 2015"]
[Site "Moscow RUS"]
[Date "2015.02.02"]
[Round "3.93"]
[White "Murtazin, Bulat"]
[Black "Maksimov, Dmitri"]
[Result "1-0"]
[WhiteTitle "FM"]
[WhiteElo "2326"]
[BlackElo "2204"]
[WhiteFideId "24151351"]
[BlackFideId "24162477"]
[EventDate "2015.01.31"]

1. d4 Nf6 2. c4 c5 3. d5 e6 4. Nc3 exd5 5. cxd5 d6 6. Nf3 g6 7. Bf4 a6 8. a4 Bg7
9. e3 O-O 10. h3 Qe7 11. Be2 Nbd7 12. O-O Ne8 13. Qc2 Rb8 14. a5 Nc7 15. Rad1 f5
16. Rfe1 Ne5 17. Nd2 Bd7 18. Bg3 b5 19. axb6 Rxb6 20. f4 Nf7 21. Nc4 Rb4 22. Bd3
Bb5 23. Na5 c4 24. Bf1 Qf6 25. Bf2 Re8 26. Rd4 Qd8 27. Nxb5 Rxb5 28. Nc6 Qd7 29.
Bxc4 Bxd4 30. Bxb5 axb5 31. Nxd4 Nxd5 32. Qb3 Nf6 33. Rd1 Rb8 34. Bh4 Ne4 35.
Ra1 Nd2 36. Qd5 Rc8 37. Nxb5 Nc4 38. Ra7 Qe8 39. Re7 Qf8 40. Qe6 Nb6 41. Nxd6
Rc1+ 42. Kh2 Nc8 43. Rxf7 1-0

[Event "Moscow Open A 2015"]
[Site "Moscow RUS"]
[Date "2015.02.02"]
[Round "3.94"]
[White "Manakova, Maria"]
[Black "Nuzhdin, Andrey"]
[Result "1-0"]
[WhiteTitle "WGM"]
[WhiteElo "2318"]
[BlackElo "2183"]
[WhiteFideId "927007"]
[BlackFideId "24130362"]
[EventDate "2015.01.31"]

1. e4 Nc6 2. d4 d5 3. e5 Bf5 4. c3 e6 5. Nf3 Nge7 6. Be2 f6 7. O-O Qd7 8. b4 Ng6
9. Nbd2 fxe5 10. b5 Nd8 11. Nxe5 Nxe5 12. dxe5 Nf7 13. Nf3 c5 14. bxc6 bxc6 15.
Nd4 Nxe5 16. Nxf5 exf5 17. Bh5+ Ng6 18. Re1+ Kf7 19. c4 Bb4 20. Bd2 Bxd2 21.
Qxd2 d4 22. h3 Rhf8 23. Rad1 Rad8 24. Qg5 Kg8 25. Bxg6 hxg6 26. Qxg6 Rf6 27. Qg5
Qf7 28. Re5 Qxc4 29. Re7 Qf7 30. Rxf7 Kxf7 31. Qf4 Rfd6 32. Qxf5+ Kg8 33. Rd3
R8d7 34. Qe5 Rd8 35. Rg3 R8d7 36. Rxg7+ 1-0

[Event "Moscow Open A 2015"]
[Site "Moscow RUS"]
[Date "2015.02.02"]
[Round "3.95"]
[White "Terekhov, Konstantin"]
[Black "Popov, Kirill"]
[Result "0-1"]
[BlackTitle "FM"]
[WhiteElo "2178"]
[BlackElo "2313"]
[WhiteFideId "4115856"]
[BlackFideId "24157457"]
[EventDate "2015.01.31"]

1. d4 Nf6 2. c4 g6 3. Nc3 Bg7 4. e4 d6 5. f3 O-O 6. Be3 Nc6 7. Nge2 a6 8. Qd2
Na5 9. Nc1 Nd7 10. b4 Nc6 11. Rb1 e5 12. d5 Nd4 13. Nb3 Nxb3 14. Rxb3 f5 15. Bd3
Nf6 16. c5 Bd7 17. O-O f4 18. Bf2 g5 19. b5 g4 20. c6 bxc6 21. dxc6 Be6 22. Nd5
axb5 23. Rxb5 gxf3 24. gxf3 Nxd5 25. Bc4 Bh3 26. Rxd5 Qg5+ 27. Bg3 Kh8 28. Kh1
Bxf1 29. Bxf1 Qh5 30. Be1 Qxf3+ 31. Bg2 Qa3 32. Ra5 Rxa5 33. Qxa5 Ra8 34. Qxa3
Rxa3 35. Bh4 Rxa2 36. Bf1 Rc2 37. Bb5 f3 38. h3 Bh6 39. Bd8 Rc1+ 0-1

[Event "Moscow Open A 2015"]
[Site "Moscow RUS"]
[Date "2015.02.02"]
[Round "3.96"]
[White "Rjabzev, Konstantin"]
[Black "Feduk, Viktor"]
[Result "1/2-1/2"]
[WhiteTitle "IM"]
[WhiteElo "2312"]
[BlackElo "2112"]
[WhiteFideId "4150015"]
[BlackFideId "4173368"]
[EventDate "2015.01.31"]

1. e4 e5 2. Nf3 Nc6 3. Bb5 a6 4. Ba4 Nf6 5. O-O b5 6. Bb3 Be7 7. Re1 d6 8. c3
O-O 9. h3 Na5 10. Bc2 c5 11. d4 Qc7 12. Nbd2 cxd4 13. cxd4 Nc6 14. Nb3 a5 15.
Be3 a4 16. Nbd2 Bd7 17. Rc1 Qb7 18. a3 Rfc8 19. Qe2 b4 20. Bd3 exd4 21. Nxd4 Ne5
22. Rxc8+ Bxc8 23. Bb1 bxa3 24. bxa3 Qb2 25. f4 Ba6 26. Qf2 Nd3 27. Bxd3 Bxd3
28. Nf5 Bd8 29. Bd4 Qc2 30. Nxd6 Ba5 31. Be3 Nxe4 32. N6xe4 Bxe4 33. Qe2 Bd3 34.
Qd1 Rd8 35. Qxc2 Bxc2 36. Re2 Bd1 37. Re1 Bc2 38. Re2 Bd1 39. Re1 Bc2 40. Re2 f5
41. Nf1 Bd3 42. Rb2 Bc3 43. Rb7 Be4 44. Rc7 Rd3 45. Rc4 Bb2 46. Rxa4 Bxa3 47.
Rd4 Rxd4 48. Bxd4 1/2-1/2

[Event "Moscow Open A 2015"]
[Site "Moscow RUS"]
[Date "2015.02.02"]
[Round "3.97"]
[White "Velichko, Arseny"]
[Black "Tutisani, Noe"]
[Result "1-0"]
[WhiteElo "2118"]
[BlackElo "2308"]
[WhiteFideId "24179752"]
[BlackFideId "13602853"]
[EventDate "2015.01.31"]

1. d4 Nf6 2. c4 b6 3. Nf3 Bb7 4. g3 g6 5. Bg2 Bg7 6. O-O O-O 7. Nc3 Ne4 8. Bd2
c5 9. Qc2 Nd6 10. dxc5 bxc5 11. Bf4 Nxc4 12. Na4 d5 13. Nxc5 Bc6 14. Nd3 Nd7 15.
Nd2 Rc8 16. Nxc4 dxc4 17. Ne1 Qb6 18. Bxc6 Rxc6 19. Rb1 Qa6 20. a3 c3 21. b4
Qxa3 22. Bc1 1-0

[Event "Moscow Open A 2015"]
[Site "Moscow RUS"]
[Date "2015.02.02"]
[Round "3.98"]
[White "Uraev, Ivan"]
[Black "Shapfiullin, Ildar"]
[Result "1-0"]
[WhiteTitle "FM"]
[WhiteElo "2287"]
[BlackElo "2093"]
[WhiteFideId "4192443"]
[BlackFideId "4147146"]
[EventDate "2015.01.31"]

1. Nf3 Nf6 2. b3 g6 3. Bb2 Bg7 4. c4 O-O 5. e3 d6 6. d3 e5 7. Nbd2 Qe7 8. Rc1
Nc6 9. a3 a5 10. Be2 Bf5 11. O-O Rfd8 12. Nh4 Bc8 13. Qc2 Nd7 14. Nhf3 Nc5 15.
Bc3 Bf5 16. Ne4 f6 17. Ng3 a4 18. Nxf5 gxf5 19. b4 Nb3 20. Rcd1 Qf7 21. Nh4 Ne7
22. d4 Qe6 23. Bb2 c5 24. bxc5 dxc5 25. d5 Qb6 26. Nxf5 Ng6 27. h4 Na5 28. h5
Nf8 29. h6 Bh8 30. d6 Kf7 31. Bh5+ Ng6 32. Ne7 Rg8 33. f4 Qb3 34. Qd2 Qxc4 35.
f5 Nc6 36. fxg6+ hxg6 37. Be2 Qe6 38. Nxg8 Rxg8 39. Rc1 Rd8 40. Bc4 1-0

[Event "Moscow Open A 2015"]
[Site "Moscow RUS"]
[Date "2015.02.02"]
[Round "3.99"]
[White "Romanov, Stanislav"]
[Black "Ofitserian, Boris"]
[Result "0-1"]
[BlackTitle "FM"]
[WhiteElo "2107"]
[BlackElo "2283"]
[WhiteFideId "4116895"]
[BlackFideId "24199443"]
[EventDate "2015.01.31"]

1. e4 c5 2. a3 Nc6 3. b4 Nf6 4. b5 Nd4 5. c3 Ne6 6. e5 Nd5 7. Nf3 d6 8. Bc4 Nb6
9. Bb3 c4 10. Bc2 dxe5 11. O-O g6 12. a4 Bg7 13. Na3 a5 14. bxa6 Rxa6 15. Re1 f6
16. d4 cxd3 17. Bxd3 Ra8 18. Bb5+ Bd7 19. Be3 Nxa4 20. Qb3 Nac5 21. Qc4 Bxb5 22.
Nxb5 Rxa1 23. Rxa1 Qd3 24. Qb4 Na6 25. Qa4 Qd7 26. Rd1 Qc6 27. Qb3 Nac5 28. Bxc5
Nxc5 29. Qc4 Bh6 30. Ra1 Kf8 31. Nfd4 exd4 32. Nxd4 b5 33. Qe2 Qd7 34. Nxb5 Kg7
35. Ra7 Nb7 36. Nd4 Rb8 37. h3 e5 38. Nb3 Qc6 39. Qg4 Kh8 40. Qb4 Bf8 41. Qh4
Qb6 42. Qa4 Rd8 43. Kh2 Nd6 44. f3 Bh6 45. Qh4 Nf5 46. Rb7 Bf4+ 47. Qxf4 Qxb7 0-1

[Event "Moscow Open A 2015"]
[Site "Moscow RUS"]
[Date "2015.02.02"]
[Round "3.100"]
[White "Askerov, Marat"]
[Black "Galaktionov, Artem"]
[Result "0-1"]
[WhiteElo "2283"]
[BlackElo "2081"]
[WhiteFideId "24175200"]
[BlackFideId "24175471"]
[EventDate "2015.01.31"]

1. d4 d5 2. c4 e6 3. Nf3 Nf6 4. g3 Bb4+ 5. Bd2 Be7 6. Bg2 O-O 7. O-O c6 8. Qc2
Nbd7 9. Bf4 Nh5 10. Nbd2 Nxf4 11. gxf4 b6 12. Ne5 Nxe5 13. fxe5 Bb7 14. Rac1 c5
15. Rfd1 cxd4 16. Nb3 Bg5 17. Ra1 Bf4 18. Nxd4 Bxe5 19. cxd5 exd5 20. Qf5 Qf6
21. Qxf6 Bxf6 22. Nb5 Bxb2 23. Rab1 Bf6 24. Bxd5 Bxd5 25. Rxd5 a6 26. Nd6 Rab8
27. a4 Rfd8 28. e4 g6 29. f4 Bc3 30. Kg2 a5 31. Kf3 Bb4 32. Nb5 Rdc8 33. Rbd1
Rc2 34. Rd7 Rxh2 35. Rc7 Rh3+ 36. Kg4 Re3 37. Rdd7 Rf8 38. e5 Be1 39. Kg5 Kg7
40. Nd6 Rg3+ 41. Kh4 Rc3+ 42. Kg4 h5+ 43. Kg5 Rg3+ 44. Kh4 Kh6 45. Rc1 Re3+ 46.
Rxe1 Rxe1 47. Nxf7+ Kg7 48. Ng5+ Kg8 49. Ne6 Rf5 50. Rg7+ Kh8 51. Rb7 Rb1 52.
Rd7 Rb4 53. Rb7 Rxe5 54. Nd8 Rxf4+ 55. Kg3 Rg4+ 56. Kf3 Rf5+ 57. Ke3 Rxa4 58.
Nf7+ Rxf7 59. Rxf7 Rb4 0-1

[Event "Moscow Open A 2015"]
[Site "Moscow RUS"]
[Date "2015.02.02"]
[Round "3.101"]
[White "Babikov, Ivan"]
[Black "Taalaibekov, Tagir"]
[Result "1/2-1/2"]
[WhiteTitle "FM"]
[WhiteElo "2279"]
[BlackElo "2037"]
[WhiteFideId "4161106"]
[BlackFideId "13801163"]
[EventDate "2015.01.31"]

1. e4 c5 2. c3 d5 3. exd5 Qxd5 4. d4 Nc6 5. Nf3 Nf6 6. Be2 Bf5 7. dxc5 Qxd1+ 8.
Bxd1 e6 9. b4 a5 10. b5 Na7 11. Nd4 Bxc5 12. Nxf5 exf5 13. a4 Ne4 14. O-O O-O
15. Nd2 Rad8 16. Nxe4 fxe4 17. Bc2 Rfe8 18. Re1 Nc8 19. Bf4 f5 20. Rad1 Bb6 21.
Bb3+ Kf8 22. Kf1 h6 23. Rd5 Rxd5 24. Bxd5 g5 25. Bc1 Bc5 26. Bxb7 Nb6 27. Rd1 f4
28. Bc6 Re7 29. Rd8+ Kf7 30. g3 e3 31. fxe3 fxe3 32. Ke2 Nxa4 33. Rd7 Nxc3+ 34.
Kd3 Rxd7+ 35. Bxd7 Nd5 36. Bg4 Nb4+ 37. Ke2 Kf6 38. Ba3 Ke5 39. Bxb4 axb4 40.
Kd3 Bd4 41. Kc4 Ke4 42. Be2 Bb6 43. Kxb4 Kd4 44. Kb3 Ba5 45. Ka4 Bc7 46. Kb4 Bb6
47. Kb3 Bc5 48. Kc2 Bb6 1/2-1/2

[Event "Moscow Open A 2015"]
[Site "Moscow RUS"]
[Date "2015.02.02"]
[Round "3.102"]
[White "Safonov, Nikita"]
[Black "Esipenko, Andrey"]
[Result "0-1"]
[BlackTitle "FM"]
[WhiteElo "2080"]
[BlackElo "2271"]
[WhiteFideId "24153281"]
[BlackFideId "24175439"]
[EventDate "2015.01.31"]

1. e4 c6 2. d4 d5 3. e5 Bf5 4. Nf3 e6 5. Be2 Ne7 6. O-O c5 7. c4 Nbc6 8. dxc5 d4
9. Bd3 Bxd3 10. Qxd3 Ng6 11. Re1 Bxc5 12. a3 a5 13. Nbd2 O-O 14. Nb3 Ba7 15. Bd2
a4 16. Nc1 Bb8 17. Bb4 Re8 18. Qe4 Ngxe5 19. Nxe5 Bxe5 20. Nd3 Bd6 21. f4 Qe7
22. Bxd6 Qxd6 23. c5 Qd7 24. Rac1 Na5 25. Ne5 Qc7 26. c6 bxc6 27. Nxc6 Nb3 28.
Rc2 Qd6 29. Ne5 Qb6 30. Nd3 Qb5 31. Nc1 Rad8 32. Nxb3 Qxb3 33. Rd2 Rd6 34. Qd3
Qxd3 35. Rxd3 f6 36. Kf2 e5 37. Kf3 Kf7 38. fxe5 fxe5 39. Ke4 Ke6 40. Rh3 Rf8
41. Rxh7 Rf4+ 42. Kd3 Rb6 43. Rxg7 Rb3+ 44. Kc4 d3+ 45. Kc5 d2 46. Rd1 Rd4 47.
Rg6+ Kf5 48. Rg3 Rxg3 49. hxg3 Rd8 50. Kb4 e4 0-1

[Event "Moscow Open A 2015"]
[Site "Moscow RUS"]
[Date "2015.02.02"]
[Round "3.103"]
[White "Ageichenko, Genadi A"]
[Black "Proleiko, Julian"]
[Result "1-0"]
[WhiteTitle "IM"]
[WhiteElo "2269"]
[BlackElo "1981"]
[WhiteFideId "4105222"]
[BlackFideId "30900255"]
[EventDate "2015.01.31"]

1. e4 c5 2. Nf3 d6 3. Nc3 Nf6 4. d4 cxd4 5. Nxd4 a6 6. Qd3 e5 7. Nf5 Bxf5 8.
exf5 d5 9. Bg5 Bb4 10. O-O-O d4 11. Bxf6 Qxf6 12. Nd5 Qd6 13. Nxb4 Qxb4 14. Qg3
O-O 15. f6 g6 16. Qxe5 Nc6 17. Qf4 Rfd8 18. g4 Rac8 19. Bd3 Qd6 20. Qxd6 Rxd6
21. g5 Nd8 22. Rhe1 Ne6 23. Re5 h6 24. h4 b5 25. Rde1 Rdc6 26. Kd1 hxg5 27. hxg5
Rc5 28. Rxe6 fxe6 29. f4 e5 30. fxe5 1-0

[Event "Moscow Open A 2015"]
[Site "Moscow RUS"]
[Date "2015.02.02"]
[Round "3.104"]
[White "Baterdene, Tsogbayar"]
[Black "Kovalev, Egor"]
[Result "1-0"]
[WhiteElo "1977"]
[BlackElo "2249"]
[WhiteFideId "4901592"]
[BlackFideId "24124117"]
[EventDate "2015.01.31"]

1. e4 c5 2. Nf3 e6 3. d4 cxd4 4. Nxd4 Nf6 5. Nc3 d6 6. Be3 Be7 7. f4 O-O 8. Qf3
a6 9. O-O-O Qc7 10. g4 b5 11. g5 Nfd7 12. a3 Bb7 13. Rg1 Nc6 14. f5 Nde5 15. Qh3
Nxd4 16. Bxd4 exf5 17. exf5 f6 18. g6 h6 19. Bg2 Rfc8 20. Rd2 Bxg2 21. Qxg2 Qc6
22. Nd5 Bd8 23. Qe4 a5 24. b3 Rab8 25. Rg3 b4 26. a4 Rb7 27. Kb1 Kf8 28. Be3 Bb6
29. Bxh6 gxh6 30. Qh4 Bd8 31. Qxh6+ Rg7 32. Qh8+ Rg8 33. g7+ 1-0

[Event "Moscow Open A 2015"]
[Site "Moscow RUS"]
[Date "2015.02.02"]
[Round "3.105"]
[White "Zenin, Dmitri"]
[Black "Payanidi, Janis"]
[Result "0-1"]
[WhiteElo "2381"]
[BlackElo "2167"]
[WhiteFideId "4127897"]
[BlackFideId "24128490"]
[EventDate "2015.01.31"]

1. d4 Nf6 2. c4 e6 3. Nc3 Bb4 4. e3 c5 5. Ne2 O-O 6. a3 Bxc3+ 7. Nxc3 cxd4 8.
exd4 d5 9. c5 b6 10. b4 bxc5 11. bxc5 Nc6 12. Qa4 Bd7 13. Bb5 Qa5 14. Qxa5 Nxa5
15. Rb1 Bxb5 16. Rxb5 Nc6 17. Be3 Ne4 18. Nxe4 dxe4 19. O-O Rad8 20. Rc1 Rd7 21.
Kf1 h6 22. Rc4 f5 23. f4 Rfd8 24. Rb2 Kh7 25. g3 Rd5 26. Ra4 a5 27. Rb6 Nxd4 28.
Rxd4 Rxd4 29. Bxd4 Rxd4 30. Rxe6 Ra4 31. Re5 Kg6 32. c6 Rc4 33. Rxa5 Rxc6 34. a4
Rc1+ 35. Kg2 Rc2+ 36. Kh3 Ra2 37. g4 fxg4+ 38. Kxg4 Rxh2 39. Re5 Rg2+ 40. Kh3
Re2 41. a5 Kf6 42. a6 Ra2 43. Kg4 Rxa6 44. Rxe4 h5+ 45. Kh4 Kf5 46. Re7 g6 47.
Rb7 Ra4 48. Rf7+ Ke6 49. Rf8 Ke7 0-1

[Event "Moscow Open A 2015"]
[Site "Moscow RUS"]
[Date "2015.02.02"]
[Round "3.106"]
[White "Amangeldiyev, Gurbangeldi, "]
[Black "Fakhrutdinov, Timur"]
[Result "0-1"]
[BlackTitle "FM"]
[WhiteElo "2153"]
[BlackElo "2352"]
[WhiteFideId "14002302"]
[BlackFideId "24176702"]
[EventDate "2015.01.31"]

1. b3 e5 2. Bb2 Nc6 3. e3 d6 4. Ne2 g6 5. d4 Bg7 6. d5 Nce7 7. c4 f5 8. f4 Nf6
9. Qc1 c6 10. fxe5 dxe5 11. Bxe5 cxd5 12. Nd2 O-O 13. Nd4 Re8 14. Be2 Nc6 15.
Nxc6 bxc6 16. Nf3 Qa5+ 17. Bc3 Qb6 18. c5 Qc7 19. Qb2 Rxe3 20. Bxf6 Bxf6 21.
Qxf6 Ba6 22. O-O Rxe2 23. Nd4 Re4 24. Rfe1 Rae8 25. Rxe4 fxe4 26. b4 e3 27. Re1
e2 28. a4 Bc4 29. g3 a5 30. b5 cxb5 31. c6 b4 32. Kg2 b3 33. h4 Qe7 34. Qf4 Rf8
35. Qd2 Qe4+ 36. Kh3 h5 37. c7 Qg4+ 38. Kg2 Qe4+ 39. Kh3 Ba6 40. Qg5 Bc8+ 0-1